00609cam a22001931 4500001001300000003000400013005001700017008004100034010001700075035002000092040001800112050002400130082001000154100004700164245006500211260007300276300004000349490002600389ca 36000286 DLC20260227111140.0850515s1936 mau 000 1 eng  aca 36000286  a(OCoLC)12036197 aDLCcTNJdDLC00aPS3537.C36bG6 1936 a812.51 aSchimmel, Robert C.q(Robert Carl),d1895-12aA good egg:ba comedy in three acts,cby Robert C. Schimmel. aBoston, Mass.,aLos Angeles, Cal.b[Walter H. Baker company,cc1936] a2 p. l.,[3]-148 p.bdiagrs.c19 cm.0 aBaker's royalty plays